000 00314nam a2200133Ia 4500
008 190216s9999||||xx |||||||||||||| ||und||
100 _aPigou A C
245 0 _aEconomics Of Welfare
250 _a4th Ed.
260 _bThe English Language Book Society
_c1962
300 _a876
650 _aEconomics
942 _cBK
999 _c9143
_d9143